The triton ultimatum/ (Запис № 559566)

МАРК-запис
000 -LEADER
fixed length control field 01259cam a2200313 i 4500
001 - CONTROL NUMBER
control field tritonultimatu00dela
003 - CONTROL NUMBER IDENTIFIER
control field CaSfIA
005 - DATE AND TIME OF LATEST TRANSACTION
control field 20210119104127.0
007 - PHYSICAL DESCRIPTION FIXED FIELD--GENERAL INFORMATION
fixed length control field cr||||
008 - FIXED-LENGTH DATA ELEMENTS--GENERAL INFORMATION
fixed length control field 770202s1977 nyu 000 1 eng
010 ## - LIBRARY OF CONGRESS CONTROL NUMBER
LC control number 77001290
040 ## - CATALOGING SOURCE
Original cataloging agency DLC
Transcribing agency DLC
Modifying agency VVW
-- MNO
-- CaSfIA
020 ## - INTERNATIONAL STANDARD BOOK NUMBER
International Standard Book Number 0690014902
020 ## - INTERNATIONAL STANDARD BOOK NUMBER
International Standard Book Number 9780690014907
035 ## - SYSTEM CONTROL NUMBER
System control number (OCoLC)2799030
050 #0 - LIBRARY OF CONGRESS CALL NUMBER
Classification number PZ4.D3355
-- PS3554.E436
082 #4 - DEWEY DECIMAL CLASSIFICATION NUMBER
Classification number 813/.5/4
029 1# - (OCLC)
OCLC library identifier NLGGC
System control number 781565227
100 1# - MAIN ENTRY--PERSONAL NAME
Personal name Delaney, Laurence.
245 14 - TITLE STATEMENT
Title The triton ultimatum/
Medium [electronic resource]
Statement of responsibility, etc Laurence Delaney.
260 ## - PUBLICATION, DISTRIBUTION, ETC. (IMPRINT)
Place of publication, distribution, etc New York :
Name of publisher, distributor, etc Crowell,
Date of publication, distribution, etc c1977.
300 ## - PHYSICAL DESCRIPTION
Extent 247 p. ;
Dimensions 24 cm.
506 ## - RESTRICTIONS ON ACCESS NOTE
Standardized terminology for access restriction Необхідна авторизація на https://archive.org/ (створення облікового запису безкоштовно)
506 ## - RESTRICTIONS ON ACCESS NOTE
Standardized terminology for access restriction Необхідна авторизація на https://openlibrary.org/ (створення облікового запису безкоштовно)
650 #0 - SUBJECT ADDED ENTRY--TOPICAL TERM
Topical term or geographic name as entry element Science fiction.
856 41 - ELECTRONIC LOCATION AND ACCESS
Uniform Resource Identifier <a href="http://www.archive.org/details/tritonultimatu00dela">http://www.archive.org/details/tritonultimatu00dela</a>
Public note Free eBook from the Internet Archive
856 42 - ELECTRONIC LOCATION AND ACCESS
Uniform Resource Identifier <a href="http://www.openlibrary.org/books/OL4535453M">http://www.openlibrary.org/books/OL4535453M</a>
Public note Additional information and access via Open Library
942 ## - ADDED ENTRY ELEMENTS (KOHA)
Koha item type ЕКнига

Немає доступних примірників.